Quartiers d'Aix-en-Provence avec carte - Statistiques

Statistiques générales
  • Ce quiz a été pris 117 fois
  • Le résultat moyen est 6 sur 14
Réponses sur la Carte
Les réponses sont colorées sur une échelle allant du rouge au vert en fonction du pourcentage des utilisateurs qui les ont devinées à leur premier essai. Vous pouvez retrouver ces pourcentages ci-dessous.
 
Statistiques - réponses
Quartiers % Correct
Jas de Bouffan
72%
Les Milles
72%
Val Saint-André Arc La Torse
62%
Luynes
59%
Sextius Mirabeau
54%
Pont de l'Arc
52%
Puyricard Couteron
52%
Centre Ville
51%
La Duranne
35%
Celony La Calade
33%
Encagnane
32%
Saint-Mitre Les Granettes Pey Blanc
7%
Les Hauts d'Aix
6%
Pont de Beraud
6%
Aucun quiz correspondant
Distribution des résultats
% des personnes avec chaque résultat
Percentile par nombre de réponses
Votre historique - résultats
Vous n’avez pas pris ce quiz